Desastres y sociedad en América Latina: Directorio de investigadores, instituciones y proyectos /
Tallennettuna:
| Yhteisötekijät: | , |
|---|---|
| Aineistotyyppi: | Teksti |
| Julkaistu: |
San José:
FLACSO; OPES
|
| Tagit: |
Lisää tagi
Ei tageja, Lisää ensimmäinen tagi!
|
MARC
| LEADER | 00000 a a2200000 04500 | ||
|---|---|---|---|
| 001 | 23472 | ||
| 003 | |||
| 040 | |||
| 090 | |a 163000 | ||
| 110 | |a CEPREDENAC | ||
| 245 | |a Desastres y sociedad en América Latina: Directorio de investigadores, instituciones y proyectos / |c CEPREDENAC | ||
| 260 | |a San José: |b FLACSO; OPES | ||
| 300 | |a 246 p. | ||
| 710 | |a FLACSO |a OPS | ||
| 999 | |c 13422 |d 13422 | ||
